UBT Library

Gastrointestinal emergencies / (Record no. 42753)

000 -LEADER
fixed length control field 00572cam a2200217 a 4500
001 - CONTROL NUMBER
control field 4686946
005 - DATE AND TIME OF LATEST TRANSACTION
control field 20180216040303.0
008 - FIXED-LENGTH DATA ELEMENTS--GENERAL INFORMATION
fixed length control field 820202s1981 enka b 001 0 eng
010 ## - LIBRARY OF CONGRESS CONTROL NUMBER
LC control number 81168622
015 ## - NATIONAL BIBLIOGRAPHY NUMBER
National bibliography number GB***
040 ## - CATALOGING SOURCE
Original cataloging agency DLC
Transcribing agency DLC
Modifying agency DLC
041 ## - LANGUAGE CODE
Language code of text/sound track or separate title eng
080 ## - UNIVERSAL DECIMAL CLASSIFICATION NUMBER
Universal Decimal Classification number 616.33 FAR
082 00 - DEWEY DECIMAL CLASSIFICATION NUMBER
Classification number 616.33 FAR
-- 616.3/3025
Edition number 19
100 ## - Rafti
Rafti 9
101 ## - Shkurtesa
Shkurtesa GAS
245 00 - TITLE STATEMENT
Title Gastrointestinal emergencies /
Statement of responsibility, etc A. Torsoli, guest editor.
504 ## - BIBLIOGRAPHY, ETC. NOTE
Bibliography, etc Includes bibliographies and index.
906 ## - LOCAL DATA ELEMENT F, LDF (RLIN)
a 7
b cbc
c orignew
d 3
e ncip
f 19
g y-gencatlg
942 ## - ADDED ENTRY ELEMENTS (KOHA)
Source of classification or shelving scheme
Item type Books
Holdings
Withdrawn status Lost status Source of classification or shelving scheme Damaged status Not for loan Collection code Permanent location Current location Shelving location Date acquired Total Checkouts Full call number Barcode Date last seen Price effective from Koha item type
          Koleksioni i përgjithshem UBT - Lipjan UBT - Lipjan Koleksioni i përgjithshem 02/16/2018   616.33 FAR 002-2998426 02/16/2018 02/16/2018 Books
          Koleksioni i përgjithshem UBT - Lipjan UBT - Lipjan Koleksioni i përgjithshem 02/16/2018   616.33 FAR 002-2998455 02/16/2018 02/16/2018 Books
          Koleksioni i përgjithshem UBT - Lipjan UBT - Lipjan Koleksioni i përgjithshem 02/16/2018   616.33 FAR 002-2998450 02/16/2018 02/16/2018 Books
UBT Library © 2015-2024. All rights reserved University Education for Business and Technology